Utilisation and knowledge of biodiversity in the ranong biosphere reserve, Thailand
The record the utilisation and knowledge of mangrove - associated plant and animal species by local communites living in and around the ranong biosphere reserve.
Sparad:
| Huvudupphovsman: | |
|---|---|
| Materialtyp: | Bok |
| Språk: | Undetermined |
| Publicerad: |
Thailand
Asian Institute of technology
1959
|
| Ämnen: | |
| Taggar: |
Lägg till en tagg
Inga taggar, Lägg till första taggen!
|
| Thư viện lưu trữ: | Trung tâm Học liệu Trường Đại học Cần Thơ |
|---|
| LEADER | 00796nam a2200193Ia 4500 | ||
|---|---|---|---|
| 001 | CTU_156570 | ||
| 008 | 210402s9999 xx 000 0 und d | ||
| 082 | |a 577.3 | ||
| 082 | |b M152 | ||
| 100 | |a Macintosh, Donald J. | ||
| 245 | 0 | |a Utilisation and knowledge of biodiversity in the ranong biosphere reserve, Thailand | |
| 245 | 0 | |c Donald J. Macintosh, Elizabeth C. Ashton, Vinij Tansakul | |
| 260 | |a Thailand | ||
| 260 | |b Asian Institute of technology | ||
| 260 | |c 1959 | ||
| 520 | |a The record the utilisation and knowledge of mangrove - associated plant and animal species by local communites living in and around the ranong biosphere reserve. | ||
| 650 | |a Mangrove ecology,Environmental protection | ||
| 904 | |i Bạch Trúc | ||
| 980 | |a Trung tâm Học liệu Trường Đại học Cần Thơ | ||